000 00954nam a22001937a 4500
005 20120209121533.0
020 _c50.00
_a9788185586052
082 _a
100 _aगीता धर्मराजन
_941326
245 _aआधा ओझा राजा आधा /
_cगीता धर्मराजन;अतनु राय द्वारा चित्रांकित
250 _a3रा संस्क
260 _aनई दिल्ली
_bकथा
_c2011
270 _aए-3 सर्वोदय एनक्लेव, श्री औरोबिन्दो मार्ग
_bनई दिल्ली
_e110017
300 _aअ.पृ.
_bसचित्र
_c20सेमी (अजिल्द)
700 _aराय, अतनु
_941293
700 _941305
942 _2ddc
_cCH
_h
_mगीताध
999 _c62383
_d62383